000 00580nam a2200217Ia 4500
005 20241129120320.0
008 241129s9999||||xx |||||||||||||| ||und||
020 _a9789387462694
037 _aTB
040 _aSDCL
_beng
_cSDCL
041 _ahin
_2hin
084 _aP152 Q8
_qSDCL
100 _aShitanshu
_9729634
245 0 _aCompany Raj Aur Hindi : Sandharbh : Fort William College
260 _aDelhi
_bRajkamal prakashan India
_c2018
300 _a199p
365 _aINR
_b495
650 _aHindi
942 _cTB
_hP152 Q8
999 _c1234299
_d1234299